00470nam a2200133Ia 450000500170000000800410001702000180005808200240007610000510010024500790015126000300023030000140026065000620027420250529120007.0231217s9999 xx 000 0 und d a9780124172081 a001.64404 SAN;1 R aSanders, Chris. Smith, Jason. Bianco, David J. 0aApplied network security monitoring : collection, detection, and analysis c2014bElsevieraAmsterdam axxiv, 472 anetwork, monitorin, , collection, detection, an, analysis